Mô hình hóa hệ thống và môp phỏng

Guardat en:
Dades bibliogràfiques
Autor principal: Nguyễn Công Hiền
Altres autors: Phạm Thục Anh
Format: Llibre
Publicat: H. Khoa học và Kỹ thuật 2006
Matèries:
Etiquetes: Afegir etiqueta
Sense etiquetes, Sigues el primer a etiquetar aquest registre!
Thư viện lưu trữ: Trung tâm Học liệu Lê Vũ Hùng, Trường Đại học Đồng Tháp
LEADER 01052pam a22002898a 4500
001 00017504
005 20171026081022.0
008 110420s2006 ||||||Viesd
041 0 # |a Vie 
082 1 4 |a 620.004  |b M450H 
100 0 # |a Nguyễn Công Hiền 
245 0 0 |a Mô hình hóa hệ thống và môp phỏng  |c Nguyễn Công Hiền, Nguyễn Phạm Thục Anh 
260 # # |a H.  |b Khoa học và Kỹ thuật  |c 2006 
300 # # |a 205 tr.  |b Sơ đồ  |c 24 cm. 
500 # # |a ĐTTS ghi : Trường ĐH Bách khoa Hà Nội. 50 năm xây dựng và phát triển 
650 # 4 |a Mô hình hóa 
650 # 4 |a Mô phỏng 
653 # # |a Mô phỏng máy tính 
653 # # |a Thiết kế 
653 # # |a Tin học 
653 # # |a Ứng dụng 
700 0 # |a Phạm Thục Anh 
852 # # |b Kho mượn  |j KM.0004570 
852 # # |b Kho đọc  |j KD.0002897 
852 # # |j KD.0002897  |j KM.0004570 
910 |d 20/04/2011 
980 # # |a Trung tâm Học liệu Lê Vũ Hùng, Trường Đại học Đồng Tháp